Le Droit de l'enfant au respect suivi de Quand je redeviendrai petit et de journal du ghetto / (Record no. 139536)

MARC details
000 -CABECERA
campo de control de longitud fija 00783nam a2200205 a 4500
005 - FECHA Y HORA DE LA ÚLTIMA TRANSACCIÓN
campo de control 20210219160523.0
008 - ELEMENTOS DE LONGITUD FIJA--INFORMACIÓN GENERAL
campo de control de longitud fija 081109s1987 mx r 000 0 spa d
020 ## - NÚMERO INTERNACIONAL NORMALIZADO PARA LIBROS
Número Internacional Estándar del Libro 222100289X
035 ## - NÚMERO DE CONTROL DEL SISTEMA
Número de control de sistema UPN01000167425
049 ## - COLECCIÓN
Colección UNE
080 ## - NÚMERO DE CLASIFICACIÓN DECIMAL UNIVERSAL
Número de la Clasificación Decimal Universal 342.4 -053.2 =40 KOR.
100 1# - ASIENTO PRINCIPAL--NOMBRE PERSONAL
Nombre de persona Korczak, Janusz
245 13 - MENCIÓN DE TÍTULO
Título Le Droit de l'enfant au respect suivi de Quand je redeviendrai petit et de journal du ghetto /
Mención de responsabilidad, etc. Janusz Korczak; tr. du polonais par Zofia Bobowicz; pref. du S. Tomkiewicz; postface de Igor Newerly.
260 ## - PUBLICACIÓN, DISTRIBUCIÓN, ETC.
Lugar de publicación, distribución, etc. Varsovie :
Nombre del editor, distribuidor, etc. Nosza Ksiegarnia ;
Lugar de publicación, distribución, etc. París :
Nombre del editor, distribuidor, etc. UNESCO :
Fecha de publicación, distribución, etc. 1987.
300 ## - DESCRIPCIÓN FÍSICA
Extensión 301 p.
440 #0 - MENCIÓN DE SERIE/ASIENTO SECUNDARIO--TÍTULO
Título Collection UNESCO d'oeuvres représentatives.
Nombre de parte o sección de la obra Serie européen
690 ## - PUNTO DE ACCESO ADICIONAL DE MATERIA LOCAL--TÉRMINO DE MATERIA (OCLC, RLIN)
Término de materia o nombre geográfico como elemento inicial Literatura- Derechos del niño
690 ## - PUNTO DE ACCESO ADICIONAL DE MATERIA LOCAL--TÉRMINO DE MATERIA (OCLC, RLIN)
Término de materia o nombre geográfico como elemento inicial Niños - Literatura
905 ## - TIPO DE MATERIAL
Tipo de material UNESCO

No items available.